000 00703nab a22002297a 4500
001 14013
003 HDC
007 cr bn ---aaaaa
008 210128c99999999my ||||o |||| 00| 00may d
040 _aHDC
245 0 _aNestle's trust in Malaysia
336 _atext
_2rdacontent
337 _acomputer
_2rdamedia
338 _aonline resource
_2rdacarrier
650 _aDairy product
_97859
650 _aFood industry
_9536
710 _aThe Borneo Post Online
856 _zRequest full-text at [email protected]
942 _2lcc
942 _cNEWS
942 _kNWSO 003162
999 _c11329
_d11329